Исследование механического поведения при статическом сжатии и растяжении металлических конструкций с топологией трижды периодических поверхностей минимальной энергии, полученных с помощью аддитивных технологий; Физическая мезомеханика. Материалы с многоуровневой иерархически организованной структурой и интеллектуальные производственные технологии

Dettagli Bibliografici
Parent link:Физическая мезомеханика. Материалы с многоуровневой иерархически организованной структурой и интеллектуальные производственные технологии.— 2020.— С. 529-530
Altri autori: Козадаева М. Мария, Сурменева М. А. Мария Александровна, Сурменев Р. А. Роман Анатольевич, Леонова Л. А. Лилия Александровна, Храпов Д. Дмитрий, Панин А. В. Алексей Викторович, Коптюг А. В. Андрей Валентинович
Riassunto:Заглавие с экрана
Текстовый файл
Lingua:russo
Pubblicazione: 2020
Soggetti:
Accesso online:https://www.elibrary.ru/item.asp?id=44088396
https://doi.org/10.17223/9785946219242/328
Natura: MixedMaterials Elettronico Capitolo di libro
KOHA link:https://koha.lib.tpu.ru/cgi-bin/koha/opac-detail.pl?biblionumber=681023

MARC

LEADER 00000naa0a2200000 4500
001 681023
005 20250707160154.0
090 |a 681023 
100 |a 20250707d2020 k||y0rusy50 ca 
101 0 |a rus 
102 |a RU 
135 |a drcn ---uucaa 
181 0 |a i   |b  e  
182 0 |a b 
183 0 |a cr  |2 RDAcarrier 
200 1 |a Исследование механического поведения при статическом сжатии и растяжении металлических конструкций с топологией трижды периодических поверхностей минимальной энергии, полученных с помощью аддитивных технологий  |f М. П. Козадаева, М. А. Сурменева, Р. А. Сурменев [и др.] 
203 |a Текст  |c электронный  |b визуальный 
283 |a online_resource  |2 RDAcarrier 
300 |a Заглавие с экрана 
320 |a Библиогр.: 4 назв 
336 |a Текстовый файл 
463 1 |t Физическая мезомеханика. Материалы с многоуровневой иерархически организованной структурой и интеллектуальные производственные технологии  |o тезисы докладов Международной конференции, посвященной 90-летию со дня рождения основателя и первого директора ИФПМ СО РАН академика Виктора Евгеньевича Панина в рамках Международного междисциплинарного симпозиума "Иерархические материалы: разработка и приложения для новых технологий и надежных конструкций", 5-9 Октября 2020, Томск  |c Томск  |n Изд-во ТГУ  |v С. 529-530  |d 2020 
610 1 |a электронный ресурс 
610 1 |a труды учёных ТПУ 
701 1 |a Козадаева  |b М.  |c химик  |c инженер Томского политехнического университета  |f 1998-  |g Мария  |9 22898 
701 1 |a Сурменева  |b М. А.  |c специалист в области материаловедения  |c инженер-исследователь Томского политехнического университета, старший научный сотрудник  |f 1984-  |g Мария Александровна  |9 11705 
701 1 |a Сурменев  |b Р. А.  |c физик  |c старший научный сотрудник Томского политехнического университета, доцент, кандидат физико-математических наук  |f 1982-  |g Роман Анатольевич  |9 11704 
701 1 |a Леонова  |b Л. А.  |c химик-технолог  |c доцент Томского политехнического университета, кандидат технических наук  |c девичья фамилия Филатова  |f 1983-  |g Лилия Александровна  |9 11728 
701 1 |a Храпов  |b Д.  |c специалист в области ядерных технологий  |c инженер-исследователь Томского политехнического университета  |f 1993-  |g Дмитрий  |9 21618 
701 1 |a Панин  |b А. В.  |c физик  |c профессор Томского политехнического университета, доктор физико-математических наук  |f 1971-  |g Алексей Викторович  |9 15588 
701 1 |a Коптюг  |b А. В.  |c физик  |c старший научный сотрудник Томского политехнического университета, кандидат физико-математических наук  |f 1956-  |g Андрей Валентинович  |9 22318 
801 0 |a RU  |b 63413507  |c 20250707  |g RCR 
850 |a 63413507 
856 4 |u https://www.elibrary.ru/item.asp?id=44088396  |z https://www.elibrary.ru/item.asp?id=44088396 
856 4 |u https://doi.org/10.17223/9785946219242/328  |z https://doi.org/10.17223/9785946219242/328 
942 |c CF